| 000 | 00530nam a22001697a 4500 | ||
|---|---|---|---|
| 008 | 160920b xxu||||| |||| 00| 0 eng d | ||
| 020 | _a9780073519678 | ||
| 020 | _a9780077488222 | ||
| 100 | _asobecki, Daves. | ||
| 245 |
_aMath in our world/ _cSave Sobecki and Allan Bluman |
||
| 250 | _a3rd ed. | ||
| 260 |
_aNew York: _bMcGraw hill; _c2015. |
||
| 300 |
_axix,879p. :ill. ; _bInclude index |
||
| 650 | _aMathematics. | ||
| 700 | _aBluman, Allan G. | ||
| 942 |
_2ddc _cBOOKS _hQA 39.3 .B597 2015 |
||
| 999 |
_c13845 _d13845 |
||